00546nam a22001337a 4500003000400000008004100004020001800045082001900063245008600082260007500168300001600243650013600259700001700395OSt260625b |||||||| |||| 00| 0 eng d a9789390425259 a630.285 bS55A aAgriculture 4.0 Precision & Automated Ag. Technologies/ by M.G. Shinde...[et al.] aNew Delhi: bInternational Books & Periodicals Supply Service, c2022. axii, 145 p. a Technology (Applied Sciences) | Agriculture and Related Technologies | Agriculture | Technological Innovations | Precision Farming aShinde, M. G